Villes françaises traversées par la Seine (mort subite) - Statistiques

Statistiques générales
  • Ce quiz a été pris 62 fois
  • Le résultat moyen est 4 sur 6
Answers on the Grid
Answers color-coded by a green-red scale on the quiz's grid according to % correct below.
Dijon
Auxerre
Troyes
Melun
Créteil
Paris
Argenteuil
Pontoise
Mantes-la-Jolie
Rouen
 
Statistiques - réponses
Réponse % Correct
Paris
94%
Rouen
70%
Mantes-la-Jolie
62%
Argenteuil
46%
Melun
42%
Troyes
38%
Aucun quiz correspondant
Distribution des résultats
% des personnes avec chaque résultat
Percentile par nombre de réponses
Votre historique - résultats
Vous n’avez pas pris ce quiz